Estudi sobre el grau d'informació que tenen els joves pel que fa a les característiques i les mesures de prevenció de la SIDA i de les MTS
ISBN:
84-7794-267-6
Descripción Física:
21 p. ; 21 cm
Colección:
Salut pública (Barcelona (Catalunya : Província). Diputació)
; 6
Idioma:
Catalán
MARC
| LEADER | 00000nam a2200000Ia 4500 | ||
|---|---|---|---|
| 001 | 10774 | ||
| 003 | Arxiu | ||
| 005 | 20260324175408.0 | ||
| 008 | 160829s1993 spc xx s cat c | ||
| 020 | |a 84-7794-267-6 | ||
| 040 | |a AGDB | ||
| 080 | |a FU-12-2 | ||
| 245 | 0 | 0 | |a Estudi sobre el grau d'informació que tenen els joves pel que fa a les característiques i les mesures de prevenció de la SIDA i de les MTS |
| 260 | |a Barcelona : |b Diputació de Barcelona. Servei de Salut Pública i Consum, |c 1993 | ||
| 300 | |a 21 p. ; |c 21 cm | ||
| 490 | 1 | |a Salut pública ; |v 6 | |
| 650 | |a Sida |x Prevenció |9 23046 | ||
| 650 | |a Malalties de transmissió sexual |9 44684 | ||
| 650 | |a Joves |x Conducta sexual |9 31476 | ||
| 710 | |a Barcelona (Catalunya : Província). |b Servei de Salut Pública i Consum |9 8151 | ||
| 830 | 0 | |a Salut pública (Barcelona (Catalunya : Província). Diputació) |v 6 |9 56037 | |
| 901 | |a Arxiu | ||
| 942 | |n 1 |2 udc | ||
| 952 | |0 0 |1 0 |4 0 |6 FU122 |7 1 |9 45618 |a Arxiu |b Arxiu |d 2016-12-01 |l 0 |o FU-12-2 |p 10774 |r 2016-12-01 00:00:00 |w 2016-12-01 |y ARXIU | ||
| 999 | |c 49117 |d 49117 | ||